|
|
|
|
| LEADER |
00000nam0a2200000 4500 |
| 001 |
208219 |
| 005 |
20231101225441.0 |
| 010 |
|
|
|a 9785392040247
|
| 035 |
|
|
|a (RuTPU)RU\TPU\book\227295
|
| 090 |
|
|
|a 208219
|
| 100 |
|
|
|a 20120201d2012 m y0rusy50 ca
|
| 101 |
1 |
|
|a rus
|c eng
|
| 102 |
|
|
|a RU
|
| 105 |
|
|
|a y e 001zy
|
| 200 |
1 |
|
|a Большой словарь по статистике
|e пер. с англ.
|f Б. С. Эверитт
|g под ред. И. И. Елисеевой
|
| 205 |
|
|
|a 3-е изд.
|
| 210 |
|
|
|a Москва
|c Проспект
|d 2012
|
| 215 |
|
|
|a 731 с.
|
| 320 |
|
|
|a Библиогр.: с. 731.
|
| 330 |
|
|
|a Словарь включает объяснение статистических терминов и процедур, а также сведения о ведущих статистиках. Основное внимание уделяется байесовской статистике, методам, "свободным от распределения". Статистические термины охватывают математическую и прикладную статистику, особенно широко представлены термины, связанные с использованием статистики в медицине, и, кроме того, формулы и графики. Большой словарь по статистике получил заслуженное признание зарубежных специалистов. Его издание в России будет способствовать повышению уровня статистического образования и научных исследований. Для студентов и аспирантов математических, медицинских и экономических вузов, а также для практиков и исследователей, применяющих статистику.
|
| 606 |
1 |
|
|a Статистика
|x Теория
|2 stltpush
|3 (RuTPU)RU\TPU\subj\37958
|9 58708
|
| 610 |
1 |
|
|a экономика
|
| 610 |
1 |
|
|a статистические термины
|
| 610 |
1 |
|
|a математическая статистика
|
| 610 |
1 |
|
|a прикладная статистика
|
| 610 |
1 |
|
|a формулы
|
| 610 |
1 |
|
|a графики
|
| 610 |
1 |
|
|a байесовская статистика
|
| 610 |
1 |
|
|a статистические величины
|
| 610 |
1 |
|
|a статистические закономерности
|
| 610 |
1 |
|
|a словари
|
| 686 |
|
|
|a С60я2
|v LBC/SL-A
|2 rubbk
|
| 700 |
|
1 |
|a Эверитт
|b Б. С.
|
| 702 |
|
1 |
|a Елисеева
|b И. И.
|g Ирина Ильинична
|4 340
|
| 801 |
|
1 |
|a RU
|b 63413507
|c 20120201
|
| 801 |
|
2 |
|a RU
|b 63413507
|c 20150417
|g RCR
|
| 900 |
|
|
|a Статистика
|
| 900 |
|
|
|a Методы статистической обработки в научных исследованиях
|
| 942 |
|
|
|c BK
|
| 959 |
|
|
|a 11/20120201
|d 2
|e 300,00
|f ЧЗГЛ:1
|f АНЛ:1
|